[Event "Zonal 2.3 Absoluto 2022"]
[Site "San Pedro de Macoris"]
[Date "2022.03.22"]
[Round "3.3"]
[White "Duran Vega, Sergio"]
[Black "Barrientos, Sergio E"]
[Result "0-1"]
[WhiteElo "2370"]
[BlackElo "2468"]
[Annotator "TA"]
[PlyCount "172"]
[EventDate "2022.03.20"]
[EventCountry "DOM"]
[SourceTitle "playchess.com"]
[Source "ChessBase"]
[SourceQuality "1"]

{[%evp 11,172,14,42,36,30,30,44,47,51,44,53,22,47,37,55,36,64,28,30,20,41,35,70,64,64,39,33,35,60,50,51,58,60,72,63,43,37,40,40,46,54,36,41,22,16,22,63,-45,-43,-112,-18,-118,-109,-112,-102,-89,-91,-90,-92,-84,-89,-145,-145,-143,-140,-141,-143,-127,-57,-53,0,0,8,0,0,0,0,-8,-10,-8,-9,-9,-8,-14,0,0,0,0,8,0,0,-22,-22,-20,-20,-18,-18,-18,-18,-18,-17,-14,-14,-24,-24,-24,-24,-81,-81,-81,-81,-81,-81,-81,-81,-81,-81,-81,-81,-81,-81,-81,-22,-22,0,-81,-81,-81,-81,-81,-81,-81,-14,-22,-24,-81,-22,-81,-81,-83,-83,-29967,-29968,-29961,-43,-43,0,-29974,-29975,-29987,-29976,-29976,-29977,-29977,-29978,-29980,-29979,-29979,-29976,-29975,-29976,-29974,-29974]} 1. d4 Nf6 2. Nf3 g6 3. c4 Bg7 4. Nc3 O-O 5. Bg5 d6 6. e3 b6 {6...c5 is setting a new trend.} 7. Be2 {E61: King's Indian: Early deviations for White, including Smyslov System.} Bb7 8. Qc2 Nbd7 9. Rd1 {White is slightly better.} a6 10. O-O {[#]} e6 $146 ({Predecessor:} 10... Qe8 11. d5 e5 12. dxe6 fxe6 13. Bh4 Kh8 14. Ng5 Ne5 15. h3 h6 16. Nge4 Nxe4 17. Nxe4 {½-½ (48) Grachev,B (2621)-Gutmans,M (2172) Riga 2019}) 11. h3 h6 12. Bh4 Qe8 13. Rfe1 Rc8 14. e4 Nh5 15. Nh2 {White wants to play Bxh5.} Nf4 16. Bf3 $1 c5 17. dxc5 Rxc5 18. Rxd6 (18. Bg3 $5 {[%cal Rg3f4]} g5 19. Rxd6 $14) 18... g5 (18... Rxc4 $2 19. Qd2 Ne5 20. Rd8 $18 (20. Qxf4 g5 $16)) 19. Bg3 Be5 20. Rdd1 (20. Bxf4 Bxf4 21. Rdd1 Bxh2+ 22. Kxh2 Rxc4 $11) 20... Rxc4 21. Ng4 Bg7 22. Bxf4 gxf4 23. Qd2 Ne5 24. Be2 Rc5 25. Qxf4 {Threatens to win with Nf6+.} Nxg4 26. Bxg4 b5 27. Rd3 b4 28. Ne2 Qb8 (28... Qe7 $11 {feels stronger.}) 29. Qd2 (29. Qe3 $1 $14 Rc4 30. Bf3) 29... Bxe4 $15 {This bishop pair is nice.} 30. Rg3 (30. Rd7 $15) 30... Rd5 (30... Rd8 $1 $17 {[%cal Rd8d2]} 31. Qf4 Bc2) 31. Qe3 (31. Qc1 $1 $11) 31... Bg6 $17 {Black is much more active.} 32. Bf3 {[%cal Og3g6] Hoping for Rxg6!} (32. Bxe6 $2 Re5 33. Bxf7+ Rxf7 $19) 32... Re5 $1 33. Qb3 Rd8 34. Rd1 {Prevents Rd2.} Rxd1+ 35. Qxd1 Rc5 36. Qd7 ({White should play} 36. Rxg6 fxg6 37. Qd3) 36... Qc8 37. Qe7 Be5 {To avoid Nf4} (37... Bxb2 38. Be4 Rc7 39. Qh4 Rc1+ 40. Nxc1 Qxc1+ 41. Kh2 $11) 38. Rxg6+ (38. Bb7 Rc1+ $1 39. Nxc1 Qxc1+ 40. Kh2 Qxb2) 38... fxg6 39. g3 Rc7 (39... Bxb2 40. Nf4 $11) ({Black should try} 39... a5 $17 {aiming for ...g5.} 40. Be4 Rc7) 40. Qxb4 $15 Kh7 (40... Qf8 $1 $15 41. Qe4 Qf5) 41. Qe4 Rf7 42. Bh5 Qg8 43. Qxe5 gxh5 44. Qxe6 $11 {[%cal Oe2f4][%mdl 4096] Endgame KQR-KQN} Qg6 45. Qc4 Qf5 {[%csl LRf2,LRh3]} 46. Nf4 h4 47. Qxa6 hxg3 48. fxg3 Rd7 49. Qe2 Qb1+ 50. Kh2 Rc7 {White must now prevent ...Rc2.} 51. Qd3+ Qxd3 52. Nxd3 {KR-KN} Rc2+ 53. Kg1 Rd2 54. Nf2 Rxb2 55. Kg2 $1 Rxa2 56. Kf3 Kg6 57. h4 Ra3+ 58. Kf4 Ra4+ 59. Ne4 (59. Kf3 $1 $11) 59... h5 $17 60. Ke5 Ra1 61. Kf4 Rf1+ 62. Ke3 Kf5 63. Nf2 Ra1 64. Kf3 Ra3+ 65. Kg2 Re3 66. Kh2 Ke5 (66... Re2 $17 67. Kg1 Rb2) 67. Kg2 $11 Kf5 (67... Rb3 $11) 68. Kh2 $1 $17 Rb3 69. Kg2 Rb4 70. Kf3 Ra4 ({Weaker is} 70... Rb3+ 71. Kg2 $17) 71. Kg2 Ke5 (71... Ra8 $17 72. Kf3 Ra3+ 73. Kg2 Re3) 72. Kf3 Ra3+ 73. Kg2 Kd4 (73... Kf5 $17 74. Kh2 Rf3) 74. Nh3 (74. g4 $11) 74... Ke3 {( -> ...Ra2+)} 75. Nf4 Ra5 76. Ne6 $2 {[%mdl 8192] [#]} (76. Ng6 $17) 76... Ra2+ $1 77. Kh3 {[#]} Kf2 $2 (77... Kf3 $1 {mates} 78. Nf4 Ra1 79. Kh2 Kg4 80. Kg2 Ra2+ 81. Kg1 Ra3 82. Ne2 Kf3 83. Nf4 Ra5 84. Kh2 Re5 85. Kh3 Re1 86. Kh2 Kg4 87. Kg2 Re3 88. Kf2 Rf3+ 89. Ke2 Rxg3 90. Ng6 Ra3 91. Ne5+ Kxh4 92. Kf2 Kg5 93. Nc4 Rc3 94. Ne5 Kf5 95. Nf3 Kf4 96. Nh4 Kg4 97. Ng6 Kf5 98. Nh4+ Kg4 99. Ng6 h4 100. Ne5+ Kf5 101. Nf3 h3 102. Nh2 Kf4 103. Kg1 Rc2 104. Nf1 Rg2+ 105. Kh1 Rf2 106. Kg1 Kf3 107. Nh2+ Ke2 108. Kh1 Rf4 109. Kg1 Rd4 110. Nf1 Rd3 111. Ng3+ Rxg3+ 112. Kh2 Rf3 113. Kh1 Rf1+ 114. Kh2 Kf3 115. Kxh3 Rh1#) 78. Nf4 $15 Ra5 (78... Ra1 $15 79. Nxh5 Kf3) 79. Ne6 $2 {[%mdl 8192]} (79. Nxh5 $11 Kf3 80. Nf6) 79... Ra3 {Black mates.} 80. Ng5 Rxg3+ 81. Kh2 Re3 82. Nh7 Kf3 83. Nf6 Re5 84. Kh3 Rf5 85. Nh7 Kf4 86. Ng5 Re5 {Weighted Error Value: White=0.15 (very precise) /Black=0.11 (very precise)} 0-1

[Event "Zonal 2.3 Absoluto 2022"]
[Site "San Pedro de Macoris"]
[Date "2022.03.21"]
[Round "3.4"]
[White "Cardoso Cardoso, Jose Gabriel"]
[Black "Mateus, Alejandro"]
[Result "1-0"]
[WhiteElo "2461"]
[BlackElo "2313"]
[Annotator "TA"]
[PlyCount "89"]
[EventDate "2022.03.20"]
[EventCountry "DOM"]
[SourceTitle "playchess.com"]
[Source "ChessBase"]
[SourceQuality "1"]

{[%evp 32,89,40,48,70,68,102,31,58,64,58,73,64,60,58,57,59,39,84,90,131,132,239,250,233,232,235,227,245,237,245,231,252,246,221,210,300,302,285,294,376,416,525,500,526,448,975,517,487,0,979,804,1052,1049,1078,1041,29981,29982,29982,29983]} 1. e4 c5 2. Nf3 d6 3. d4 cxd4 4. Nxd4 Nf6 5. Nc3 g6 6. Be3 Bg7 7. f3 Nc6 8. Qd2 O-O 9. O-O-O d5 10. exd5 Nxd5 11. Nxc6 bxc6 12. Bd4 Nxc3 13. Qxc3 Bh6+ 14. Be3 Bxe3+ 15. Qxe3 Qb6 16. Qxe7 {16.Qc3 is the hot move.} Be6 17. Qa3 Qf2 {B76: Sicilian Dragon: Yugoslav Attack, 9 g4 and 9 0-0-0.} 18. Qa5 {Prevents Rad8.} Rab8 19. a3 (19. b3 $16) 19... Bf5 {[%csl Gf5][%cal Rf2c2] White is slightly better.} 20. Qd2 {[#]} Qc5 $146 {aiming for ...Rb3.} ({Predecessor:} 20... Qb6 21. Qd4 Qa5 22. Bc4 c5 23. Qc3 Qxc3 24. bxc3 h5 25. Rhe1 Rfe8 26. g3 Kg7 {1-0 (52) Grischuk,A (2581)-Shahade,J (2263) ICC INT 2000}) 21. Qc3 {Inhibits Rb3.} Qf2 22. g4 Be6 23. h4 {[%cal Bh2h4,Bh4h5,Bh5h6][%mdl 32] And now h5 would win.} Bd5 $1 24. Rh3 Rfe8 (24... Rfd8 $14) 25. h5 $1 $16 {White leaves nothing to chance now.} Re3 (25... g5 $142) 26. Bd3 $1 {h6 is the strong threat.} Rxf3 {[#]} (26... Rf8 $16) 27. h6 $1 $18 {[%csl Gh6][%cal Rc3g7][%mdl 512] Dancing on a razor blade.} f6 28. Rxf3 Qxf3 {[#]} 29. Qd4 {To avoid Qf4+} Re8 {[#]} 30. Bc4 $1 ({Weaker is} 30. Qxa7 Qf4+ 31. Kb1 Qxh6 $14) 30... Re5 31. Qxa7 $40 {[%csl Gh6][%cal Ra7g7][%mdl 128] White is out for blood.} Qf4+ 32. Kb1 {[%csl Gh6][%cal Ra7g7]} Qxh6 33. Qa8+ Qf8 (33... Kg7 $142) 34. Qxc6 $1 ({Inferior is} 34. Bxd5+ Rxd5 35. Qxf8+ Kxf8 $11) 34... Bxc4 35. Qxc4+ {[%mdl 4096] Endgame KQR-KQR} Kg7 36. a4 Qe8 37. a5 Re1 38. Qc7+ Kh6 (38... Re7 $142 39. Qd6 Rf7) 39. Qf4+ Kg7 40. Qc7+ (40. Qd6 $142) 40... Kh6 $1 41. Rxe1 Qxe1+ 42. Ka2 Qe6+ 43. b3 Qxg4 44. a6 {[%cal Ba5a6,Ba6a7][%mdl 32]} Qe4 45. a7 {Weighted Error Value: White=0.39/Black=0.60} 1-0

[Event "Zonal 2.3 Absoluto 2022"]
[Site "San Pedro de Macoris"]
[Date "2022.03.22"]
[Round "3.5"]
[White "Camacho Campusano, David Daniel"]
[Black "Avila Pavas, Santiago"]
[Result "1-0"]
[WhiteElo "2205"]
[BlackElo "2450"]
[Annotator "TA"]
[PlyCount "60"]
[EventDate "2022.03.20"]
[EventCountry "DOM"]
[SourceTitle "playchess.com"]
[Source "ChessBase"]
[SourceQuality "1"]

{[%evp 26,60,68,61,69,25,0,0,31,7,37,0,14,26,22,13,31,26,32,20,29,66,56,0,23,10,186,145,236,218,157,-1114,0,0,0,-2189,29994]} 1. e4 c5 2. Nf3 g6 3. d4 cxd4 4. Nxd4 Nf6 5. Nc3 d6 6. Be3 Bg7 7. f3 Nc6 8. Qd2 O-O 9. O-O-O Nxd4 10. Bxd4 Be6 11. Kb1 Qc7 12. g4 Rfc8 13. h4 Qa5 14. a3 {[%cal Oh4h5]} Rab8 {B76: Sicilian Dragon: Yugoslav Attack, 9 g4 and 9 0-0-0.} 15. g5 (15. Ne2 $14 Qxd2 16. Rxd2) 15... Nh5 $11 16. Bxg7 Kxg7 {The position is equal.} 17. Bh3 Rc4 {[#]} 18. Bg4 $146 (18. f4 $5 {[%cal Rf4f5]}) ({Predecessor:} 18. Nd5 Qxd2 19. Rxd2 Bxd5 20. Rxd5 Nf4 21. Rd2 h6 22. Bf1 Rc5 23. gxh6+ Kxh6 24. c4 {0-1 (38) Shur,M (2365)-Airapetian,A Tbilisi 1996}) 18... Qc5 19. Bxh5 gxh5 20. Ne2 b5 $1 21. Nd4 b4 22. a4 $36 {[%mdl 2048] White has the initiative.} Bd7 23. b3 Rc3 {[%cal Od7a4]} 24. Rhf1 (24. f4 $1 $14) 24... Rc8 25. Rf2 Qe5 $2 (25... Kf8 $11 {and Black is okay.}) 26. f4 $1 $18 Qxe4 {[#]} (26... Qc5 $16) 27. Re1 $1 (27. Re2 Qd5 28. Rxe7 {[#]} Rxc2 $1 29. Qxc2 (29. Nxc2 $2 Qxb3+ 30. Kc1 Qa3+ 31. Kb1 Qb3+ 32. Kc1 Bxa4 $19) (29. Qxb4 $2 Bg4 $19) 29... Rxc2 30. Ne6+ (30. Kxc2 $2 Bg4 $19) 30... Bxe6 $11) 27... Qd5 28. Re4 $2 Bg4 $2 ({Black should try} 28... Qxe4 $19 29. Re2 Qd5) 29. Rxe7 $11 {Threatens to win with f5. Dancing on a razor blade.} Rxc2 30. f5 $2 {[%mdl 8192]} Qe6 $4 {[%mdl 8192] Weighted Error Value: White=0.66/Black=0.65} 1-0

[Event "Zonal 2.3 Absoluto 2022"]
[Site "San Pedro de Macoris"]
[Date "2022.03.22"]
[Round "3.6"]
[White "Jimenez Jimenez, Leandro"]
[Black "Sanchez Alvarez, Roberto Carlos"]
[Result "1/2-1/2"]
[WhiteElo "2103"]
[BlackElo "2407"]
[Annotator "TA"]
[PlyCount "73"]
[EventDate "2022.03.20"]
[EventCountry "DOM"]
[SourceTitle "playchess.com"]
[Source "ChessBase"]
[SourceQuality "1"]

{[%evp 26,73,0,0,0,0,0,0,21,10,79,89,102,106,95,90,94,89,93,100,85,88,98,55,57,52,47,43,47,43,43,17,29,16,21,-37,-40,-40,-4,-4,-4,-4,-4,-4,-4,-4,-4,-5,-5,-5]} 1. d4 Nf6 2. c4 e6 3. Nc3 Bb4 4. e3 O-O 5. Bd3 d5 6. Nf3 dxc4 7. Bxc4 c5 8. O-O cxd4 9. exd4 b6 10. Qe2 Bb7 11. Bg5 Bxc3 12. bxc3 Nbd7 13. Rac1 Qc7 14. Bd3 h6 {And now ...Bxf3 would win. E54: Nimzo-Indian: Rubinstein: Main Line: 7...dxc4 8 Bxc4.} 15. Bd2 Rfe8 16. Rfe1 {[#]} Qc6 $146 ({Predecessor:} 16... Rad8 17. Ne5 Nxe5 18. dxe5 Qc6 19. f3 Ng4 20. Be4 Qc5+ 21. Be3 Nxe3 22. Qxe3 Qxe3+ 23. Rxe3 Bxe4 24. Rxe4 {½-½ (58) Tan,Z (2509)-Gunina,V (2518) Moscow 2016}) 17. Bb5 {A strong pair of Bishops.} Qd5 (17... Qd6 $11) 18. c4 $16 Qh5 {[#]} 19. Ne5 $1 Qxe2 20. Rxe2 Red8 21. Nxd7 {White is more active.} Nxd7 {[#]} 22. c5 $1 {Hoping for c6.} Bd5 23. c6 {Strongly threatening c7.} a6 {[#]} 24. c7 $1 axb5 $14 25. cxd8=Q+ Rxd8 26. Bb4 Ra8 27. a3 Bc4 28. Re3 Nf6 29. Re5 (29. f3 {is more complex.} Nd5 30. Ree1 Nf4 31. Rcd1 Rd8 32. Re3) 29... Nd5 30. Rxd5 Bxd5 $11 {[%mdl 4096] Endgame KRB-KRB} 31. Rc7 Rd8 32. Be7 {The position is equal.} Re8 33. Rd7 Rc8 {[%cal Rc8c1]} 34. Rd8+ Rxd8 35. Bxd8 Kf8 36. f3 Ke8 37. Bxb6 {Weighted Error Value: White=0.09 (flawless) /Black=0.10 (very precise)} 1/2-1/2

[Event "Zonal 2.3 Absoluto 2022"]
[Site "San Pedro de Macoris"]
[Date "2022.03.22"]
[Round "4.1"]
[White "Cardoso Cardoso, Jose Gabriel"]
[Black "Ortiz Suarez, Isan Reynaldo"]
[Result "1-0"]
[WhiteElo "2461"]
[BlackElo "2531"]
[Annotator "TA"]
[PlyCount "101"]
[EventDate "2022.03.20"]
[EventCountry "DOM"]
[SourceTitle "playchess.com"]
[Source "ChessBase"]
[SourceQuality "1"]

{[%evp 12,101,29,14,0,11,7,0,0,0,0,0,0,0,0,0,0,0,6,11,10,4,20,0,18,0,10,-19,-20,-20,-37,-22,-28,-25,-12,-13,0,-23,-23,-94,-44,-60,-21,-6,-17,-21,-32,-23,-31,-23,0,0,249,236,217,259,220,260,266,266,264,202,327,247,287,239,249,254,309,303,341,311,316,252,298,282,284,287,284,290,314,302,309,295,275,266,929,935,29982,29983,4960,1782]} 1. e4 c5 2. Nf3 d6 3. d4 cxd4 4. Nxd4 Nf6 5. Nc3 a6 6. Bg5 Nbd7 7. Bc4 {7.Qe2 is a critical line.} Qb6 {B94: Sicilian Najdorf: 6 Bg5 Nbd7.} 8. Bb3 e6 9. Qd2 Be7 {The position is equal.} 10. O-O-O Nc5 11. Rhe1 {[%cal Od4f5]} h6 12. Bh4 {[%cal Od4f5,Bg5h4,Bh4g3,Bg3e5][%mdl 32]} Qc7 13. Bg3 {e5 is the strong threat.} O-O 14. e5 dxe5 15. Bxe5 Qb6 16. Kb1 Rd8 {[#]} 17. Qf4 $146 {[#] Black must now prevent Bc7.} ({Predecessor:} 17. Qe2 Bd7 18. g4 Bc6 19. h4 Nfd7 20. g5 Nxb3 21. axb3 Nxe5 22. Qxe5 Qc5 23. Nxc6 bxc6 24. Qxc5 Bxc5 {½-½ (34) Pheby,I (2350)-Rawlings,A (2367) ICCF email 2018}) 17... Ne8 {To avoid Bc7} 18. Qg3 Bf6 19. Nf3 Bd7 {Inhibits Na4.} 20. Bxf6 Nxf6 21. Ne5 Be8 22. Nc4 Qc6 23. Na5 Qb6 24. Nc4 Qa7 25. Nd6 (25. Qc7 $11 {keeps the balance.} Rxd1+ 26. Rxd1) 25... Bc6 (25... b5 $17 26. f3 Bc6) 26. f4 Rxd6 27. Rxd6 Nce4 {Prevents Qf2.} 28. Nxe4 Nxe4 29. Rxe4 Bxe4 30. Qe1 {To avoid Qg1} Bxg2 {[%cal Og2e4]} 31. f5 $1 exf5 {[#] Black is now going downhill.} (31... Qc5 $11 32. Rd2 Bd5) 32. Rg6 $1 $18 Qd4 {[%cal Oa8d8] And now ...Rd8! would win.} 33. Rxg2 Rd8 {( -> ...Qd1+)} 34. a4 {Strongly threatening Qe7.} Qd1+ 35. Qxd1 Rxd1+ {[%mdl 4096] Endgame KRB-KR} 36. Ka2 {aiming for Rf2.} Kf8 (36... f4 $142 37. h4 Kf8) 37. c3 Rd6 38. Bc2 g6 39. b4 Re6 40. Kb3 f4 41. Rf2 g5 42. Kc4 Ke7 43. Bf5 Rc6+ 44. Kd4 Rd6+ 45. Ke5 f6+ 46. Ke4 b6 47. c4 {[%cal Bc3c4,Bc4c5,Bc5c6][%mdl 32]} Rd1 48. c5 Rb1 $2 (48... bxc5 49. bxc5 h5) 49. Kd5 Rxb4 50. c6 Kd8 51. Rc2 {Weighted Error Value: White=0.10 (very precise) /Black=0.44} 1-0

[Event "Zonal 2.3 Absoluto 2022"]
[Site "San Pedro de Macoris"]
[Date "2022.03.22"]
[Round "4.2"]
[White "Barrientos, Sergio E"]
[Black "Camacho Campusano, David Daniel"]
[Result "1-0"]
[WhiteElo "2468"]
[BlackElo "2205"]
[Annotator "ChessBase"]
[PlyCount "63"]
[EventDate "2022.03.20"]
[EventCountry "DOM"]
[SourceTitle "playchess.com"]
[Source "ChessBase"]
[SourceQuality "1"]
[TimeControl "40/5400+30:1800+30"]

1. c4 {[%emt 0:03:22]} Nf6 {[%emt 0:00:20]} 2. Nc3 {[%emt 0:00:08]} g6 {[%emt 0:01:59]} 3. e4 {[%emt 0:02:31]} d6 {[%emt 0:00:24]} 4. d4 {[%emt 0:00:08]} Bg7 {[%emt 0:00:17]} 5. Nge2 {[%emt 0:01:18]} O-O {[%emt 0:00:56]} 6. h4 {[%emt 0:00:15]} c5 {[%emt 0:02:58]} 7. d5 {[%emt 0:00:58]} h5 {[%emt 0:01:34]} 8. Bg5 {[%emt 0:00:31]} b5 {[%emt 0:00:19]} 9. cxb5 {[%emt 0:01:49]} a6 {[%emt 0:00:56]} 10. a4 {[%emt 0:01:11]} Qa5 {[%emt 0:03:03]} 11. Bd2 {[%emt 0:00:48]} Nbd7 {[%emt 0:05:47]} 12. Ng3 {[%emt 0:02:13]} Ne5 {[%emt 0:07:20]} 13. Be2 {[%emt 0:01:11]} e6 {[%emt 0:11:18]} 14. O-O {[%emt 0:02:07]} Qc7 {[%emt 0:06:26]} 15. Bf4 {[%emt 0:16:17]} exd5 {[%emt 0:11:28]} 16. Nxd5 {[%emt 0:09:02]} Nxd5 {[%emt 0:01:41]} 17. Qxd5 {[%emt 0:00:24]} Be6 {[%emt 0:06:38]} 18. Qd2 {[%emt 0:02:01]} c4 {[%emt 0:05:09]} 19. Bh6 {[%emt 0:09:37]} axb5 {[%emt 0:04:08]} 20. Bxg7 {[%emt 0:11:52]} Kxg7 {[%emt 0:00:31]} 21. axb5 {[%emt 0:00:02]} Rxa1 {[%emt 0:04:15]} 22. Rxa1 {[%emt 0:00:10]} Rb8 {[%emt 0:01:41]} 23. Qg5 {[%emt 0:02:44]} Kf8 {[%emt 0:15:21]} 24. f4 {[%emt 0:04:18]} Qc5+ {[%emt 0:01:58]} 25. Kh1 {[%emt 0:00:19]} Ng4 {[%emt 0:01:10]} 26. f5 {[%emt 0:03:02]} Qe5 {[%emt 0:02:25]} 27. Bxg4 {[%emt 0:01:16]} Qxg3 {[%emt 0:01:54]} 28. fxe6 {[%emt 0:00:45]} Qxg4 {[%emt 0:00:33]} 29. Qf6 {[%emt 0:00:21]} Kg8 {[%emt 0:01:56]} 30. Qxf7+ {[%emt 0:00:21]} Kh8 {[%emt 0:00:07]} 31. Qf6+ {[%emt 0:24:59]} Kh7 {[%emt 0:01:24]} 32. Qg5 1-0

[Event "Zonal 2.3 Absoluto 2022"]
[Site "San Pedro de Macoris"]
[Date "2022.03.22"]
[Round "4.3"]
[White "Albornoz Cabrera, Carlos Daniel"]
[Black "Jimenez Jimenez, Leandro"]
[Result "1-0"]
[WhiteElo "2567"]
[BlackElo "2103"]
[Annotator "TA"]
[PlyCount "83"]
[EventDate "2022.03.20"]
[EventCountry "DOM"]
[SourceTitle "playchess.com"]
[Source "ChessBase"]
[SourceQuality "1"]

{[%evp 9,83,24,24,12,25,20,18,22,15,15,30,16,20,14,49,30,48,50,48,56,71,-8,0,0,35,28,39,15,58,44,55,35,66,41,57,29,47,-77,102,81,78,83,95,73,90,75,139,136,197,183,141,21,20,29,29,0,308,189,183,85,237,215,214,219,640,668,668,641,441,447,1481,1179,29983,29984,29983,29983]} 1. e4 c6 2. d4 d5 3. e5 c5 4. Nf3 cxd4 5. Nxd4 Nc6 6. Nxc6 {B12: Caro-Kann: Advance Variation.} bxc6 7. Bd3 e6 8. O-O {The position is equal.} Ne7 9. Nd2 Ng6 10. Nf3 Be7 11. c3 O-O 12. Qa4 {[#]} Qc7 $146 ({Predecessor:} 12... c5 13. Qg4 Kh8 14. Qh5 Qb6 15. Bg5 Ba6 16. Bxa6 Qxa6 17. Bxe7 Nxe7 18. Ng5 h6 19. Nxf7+ {½-½ (39) Kollars,D (2598)-Gallasch,R (2067) Playchess.com INT 2021}) 13. Re1 $1 Rb8 14. Qg4 f5 15. Qg3 (15. exf6 $1 $16 e5 16. Qg3 Rxf6 17. Nxe5 Nxe5 18. Qxe5 (18. Rxe5 Bd6 $17) 18... Qxe5 19. Rxe5) 15... c5 16. h4 Rd8 17. b3 (17. h5 {looks sharper.} Nh8 18. Bh6 Bf8 19. Rab1 Nf7 20. Bf4) 17... a5 18. Bd2 (18. h5 $5 {[%cal Rh5g6]} Nh8 19. Bf4 $14) 18... Qa7 (18... Nh8 $11 {feels stronger.}) 19. Bc2 a4 20. Rab1 Bd7 21. b4 (21. h5 $5 {[%cal Rh5g6]} Nh8 22. Bh6 $16) 21... cxb4 22. cxb4 Bb5 23. Rbd1 (23. h5 $14 {stays ahead.} Nh8 24. a3 (24. Be3 d4 $15)) 23... d4 $2 (23... Rdc8 $17 {and life is bright.} 24. h5 Rxc2 25. hxg6 Rxa2 26. gxh7+ Kxh7) 24. a3 Rbc8 25. Bb1 Bc4 26. h5 Nh8 27. Bh6 {[%csl Gh6][%cal Rg3g7]} Bf8 (27... Ng6 $142) 28. Bg5 $16 Rd5 (28... Rd7 $16) 29. Rc1 $18 {[%cal Ob1d3]} Nf7 {[#]} 30. Bf4 (30. Nd2 $1 $16 {[%cal Rd2c4]} Qa6 31. Nxc4 (31. Rxc4 Rxc4 32. Bd3 Rc3 $16) 31... Rxc4 32. Bd3 Rxc1 33. Rxc1 (33. Bxa6 $2 Rxe1+ 34. Kh2 d3 $19)) 30... Rdd8 $1 $11 31. Nh4 {[%cal Oh4f5]} Bb3 32. h6 {Threatens to win with Rxc8.} Kh8 $2 {[%mdl 8192]} (32... Rc3 $11 {and Black is okay.} 33. Rxc3 dxc3 34. hxg7 (34. Qxc3 g5 $11) 34... Be7 35. Bxf5 exf5) 33. hxg7+ Bxg7 {[#]} 34. Qh3 (34. Nxf5 $1 $18 {[%mdl 512] has better winning chances.} exf5 35. Rxc8 (35. Bxf5 Rxc1 36. Bxc1 d3 $14) 35... Rxc8 36. Bxf5) 34... Rxc1 $2 {A mistake that costs the game.} (34... Rc3 $16 {is a better defense.} 35. Rxc3 dxc3 36. Qxc3 Qd4 37. Qxd4 Rxd4) 35. Rxc1 $18 {[%cal Oh4f5] Strongly threatening Nxf5!} d3 (35... Nxe5 $2 36. Bxe5 Bxe5 37. Ng6+ Kg8 38. Nxe5 $18) 36. Bxd3 {[%cal Oh4f5]} Qd4 $2 (36... Nxe5 $2 37. Bxe5 Bxe5 38. Ng6+ Kg8 39. Nxe5 $18) (36... Kg8) 37. Ng6+ {[%cal Bh4g6,Bg6e7,Be7g6,Bg6e5][%mdl 32]} Kg8 38. Ne7+ Kh8 39. Qh5 {Hoping for Bf1.} ({Not} 39. Ng6+ Kg8 40. Ne7+ Kh8 $18) 39... Nxe5 (39... Qxd3 $142 40. Qxf7 Bc2 41. Qxe6 Bb3 42. Qxf5 Qxf5 43. Nxf5 Kg8) 40. Bxe5 Bxe5 41. Ng6+ $1 Kg8 42. Nxe5 {Weighted Error Value: White=0.25 (precise) /Black=0.63} 1-0

[Event "Zonal 2.3 Absoluto 2022"]
[Site "San Pedro de Macoris"]
[Date "2022.03.22"]
[Round "4.4"]
[White "Sanchez Alvarez, Roberto Carlos"]
[Black "Mesa Cruz, Juan Carlos"]
[Result "1-0"]
[WhiteElo "2407"]
[BlackElo "1994"]
[Annotator "NA"]
[PlyCount "77"]
[EventDate "2022.03.20"]
[EventCountry "DOM"]
[SourceTitle "playchess.com"]
[Source "ChessBase"]
[SourceQuality "1"]
[TimeControl "40/5400+30:1800+30"]

{[%evp 10,58,10,6,32767,32767,32767,32767,160,151,162,167,195,211,207,193,340,347,339,373,373,317,402,424,416,369,414,197,32767,151,196,107,102,106,113,107,112,110,126,32767,32767,32767,145,32767,32767,32767,32767,166,177,171,173]} 1. d4 {[%emt 0:09:09]} Nf6 {[%emt 0:00:29]} 2. c4 {[%emt 0:00:10]} e6 {[%emt 0:00:14]} 3. Nc3 {[%emt 0:01:07]} Bb4 {[%emt 0:00:32]} 4. Qc2 {[%emt 0:00:15]} O-O {[%emt 0:01:31]} 5. Nf3 {[%emt 0:03:21]} d5 {[%emt 0:11:08]} 6. Bg5 {[%emt 0:00:26]} c5 {[%emt 0:06:24]} 7. dxc5 {[%emt 0:01:05]} d4 {[%emt 0:05:00]} 8. O-O-O {[%emt 0:00:32]} e5 {[%emt 0:14:21] [#]} (8... Qa5 $14 9. Nxd4 (9. Rxd4 Nbd7 $16) 9... Bxc3 10. Bxf6 (10. Qxc3 Qxc3+ 11. bxc3 Ne4 $11) (10. bxc3 Nbd7 $14) 10... Bb4) 9. Nd5 $1 {[%emt 0:15:33]} Bxc5 {[%emt 0:09:01]} 10. Nxe5 {[%emt 0:00:40]} Qd6 {[%emt 0:00:33]} 11. Bxf6 {[%emt 0:02:49]} gxf6 {[%emt 0:46:47]} 12. Nf3 {[%emt 0:00:38]} b5 {[%emt 0:00:00]} (12... Nc6 $142 13. a3 Ne7) 13. Nxd4 {[%emt 0:10:39]} bxc4 {[%emt 0:00:00]} 14. Nb5 {[%emt 0:03:35]} Qe5 {[%emt 0:00:00]} 15. e4 {[%emt 0:13:31]} ({But not} 15. Qxc4 Bxf2 16. Nbc7 Bb7 $18) ({Resist} 15. e3 Nd7 16. Kb1 Rb8 $18) 15... Na6 {[%emt 0:00:00]} 16. f4 {[%emt 0:09:22]} Qe6 {[%emt 0:00:00]} 17. Bxc4 {[%emt 0:01:04]} Bb7 {[%emt 0:00:00]} 18. Ndc7 {[%emt 0:11:24]} (18. Qc3 $142 Kg7 19. b4 Nxb4 20. Nxb4 Qxe4 21. Rhe1 Qxf4+ 22. Kb2 Bxb4 23. Qxb4) 18... Qxe4 {[%emt 0:00:00]} 19. Qxe4 {[%emt 0:04:39]} ({Weaker is} 19. Nxa8 Qxf4+ 20. Rd2 (20. Kb1 Nb4 $11) 20... Be3 $11) 19... Bxe4 {[%emt 0:00:00]} 20. Rhe1 {[%emt 0:00:10]} ({Don't blunder} 20. Nxa6 $2 Be3+ 21. Rd2 Rfd8 $19) (20. Nxa8 $18 Be3+ {[#]} 21. Rd2 $1 Bxa8 22. Rhd1 (22. Re1 Bxf4 23. Nxa7 Nc5 $16)) 20... Nxc7 {[%emt 0:00:29]} 21. Nxc7 {[%emt 0:00:01]} Rac8 {[%emt 0:00:33]} 22. Rxe4 {[%emt 0:00:37]} Rxc7 {[%emt 0:00:05]} 23. b3 {[%emt 0:00:08]} Ba3+ {[%emt 0:02:09]} 24. Kc2 {[%emt 0:00:03]} a5 {[%emt 0:01:25]} 25. Rd5 {[%emt 0:01:34]} Rc5 {[%emt 0:00:21]} 26. Rd7 {[%emt 0:00:08]} Rfc8 {[%emt 0:00:34]} 27. Kd3 {[%emt 0:00:32]} R5c7 {[%emt 0:00:38]} 28. Bxf7+ {[%emt 0:01:32]} Kf8 {[%emt 0:00:00]} 29. Rxc7 {[%emt 0:01:12]} Rxc7 $18 {[%emt 0:00:02]} 30. Be6 {[%emt 0:01:23]} Rc6 {[%emt 0:02:37]} 31. Bd5 {[%emt 0:01:35]} Rc1 {[%emt 0:00:13]} 32. Ra4 {[%emt 0:03:03]} Bb4 {[%emt 0:00:50]} 33. a3 {[%emt 0:00:02]} Rd1+ {[%emt 0:00:17]} 34. Ke2 {[%emt 0:01:32]} Rd2+ {[%emt 0:00:44]} 35. Ke3 {[%emt 0:00:01]} Bc3 {[%emt 0:00:32]} 36. Rc4 {[%emt 0:00:15]} Rxd5 {[%emt 0:00:30]} 37. Rxc3 {[%emt 0:00:02]} f5 {[%emt 0:00:02]} 38. b4 {[%emt 0:03:08]} a4 {[%emt 0:00:54]} 39. Rc5 {[%emt 0:00:11]} 1-0